000 00659nam a2200145 a 4500
008 080109s1983 ||||||||||||||||| || u
050 _aQ 183.9 Lew
100 _aLewart, Cass
245 1 0 _aScience and engineering programmes for the IBM PC
260 _aNew Jersey
_bFT Prentice-Hall
_c1983
300 _ax, 132p. : ill.
350 _a0.00
995 _aANNEX COLLECTION (Main Library)
_D0.00
_e713389
_FCBU-MAIN LIBRARY (Kitwe)
_H2
_I49.95
_jQ 183.9 Lew
_M2
_UAVAILABLE
_y011041
_ZAnnex Low-Usage Collection
995 _aANNEX COLLECTION (Main Library)
_D0.00
_e713388
_FCBU-MAIN LIBRARY (Kitwe)
_H1
_I49.95
_jQ 183.9 Lew
_M1
_UAVAILABLE
_y011040
_ZAnnex Low-Usage Collection
999 _c80346
_d80346